Score 0/14 Timer 01:30
0 Plays Today
% Correct
Gran
90.4%
Crash
89.5%
Gear
88.3%
Rapper
82.2%
Year
73.9%
Ape
71.1%
Dino
63.6%
% Correct
Reaver
61.5%
Symphony
60.3%
Filter
54.5%
Bushido
52.2%
Tactics
50.3%
Cross
49.2%
Story
44.9%

Today's Daily Dose

Remove Ads.
Support Sporcle.
Get the best of Sporcle when you Go Orange. This ad-free experience offers more features, more stats, and more fun while also helping to support Sporcle. Thank you for becoming a member.

You're not logged in!

Compare scores with friends on all Sporcle quizzes.
OR
Log In

Show Comments

Extras

Top Quizzes Today


Score Distribution

Your Account Isn't Verified!

In order to create a playlist on Sporcle, you need to verify the email address you used during registration. Go to your Sporcle Settings to finish the process.

Report this User

Report this user for behavior that violates our Community Guidelines.

Details: